<?xml version="1.0" encoding="UTF-8"?>
<record
    xmlns:xsi="http://www.w3.org/2001/XMLSchema-instance"
    xsi:schemaLocation="http://www.loc.gov/MARC21/slim http://www.loc.gov/standards/marcxml/schema/MARC21slim.xsd"
    xmlns="http://www.loc.gov/MARC21/slim">

  <leader>01783cam a22003374a 4500</leader>
  <controlfield tag="001">13401994</controlfield>
  <controlfield tag="005">20220326193313.0</controlfield>
  <controlfield tag="008">031113s2003    sa ab    bc   000 0 eng  </controlfield>
  <datafield tag="010" ind1=" " ind2=" ">
    <subfield code="a">  2003371454</subfield>
  </datafield>
  <datafield tag="020" ind1=" " ind2=" ">
    <subfield code="a">1868383032</subfield>
  </datafield>
  <datafield tag="040" ind1=" " ind2=" ">
    <subfield code="a">DLC</subfield>
    <subfield code="c">DLC</subfield>
  </datafield>
  <datafield tag="042" ind1=" " ind2=" ">
    <subfield code="a">pcc</subfield>
  </datafield>
  <datafield tag="043" ind1=" " ind2=" ">
    <subfield code="a">fb-----</subfield>
    <subfield code="a">f-sa---</subfield>
  </datafield>
  <datafield tag="082" ind1=" " ind2=" ">
    <subfield code="a">708.968</subfield>
    <subfield code="b">N475e</subfield>
  </datafield>
  <datafield tag="100" ind1=" " ind2=" ">
    <subfield code="a">Nettleton, Anitra C. E.;Charlton, Julia.;Rankin-Smith, Fiona.</subfield>
    <subfield code="9">2201</subfield>
  </datafield>
  <datafield tag="245" ind1="0" ind2="0">
    <subfield code="a">Engaging modernities :</subfield>
    <subfield code="b">transformations of the commonplace : Standard Bank collection of African art (University of the Witwatersrand Art Galleries) /</subfield>
    <subfield code="c">essays by Anitra Nettleton, Julia Charlton, Fiona Rankin-Smith.</subfield>
  </datafield>
  <datafield tag="260" ind1=" " ind2=" ">
    <subfield code="a">Johannesburg :</subfield>
    <subfield code="b">University of the Witwatersrand Art Galleries,</subfield>
    <subfield code="c">c2003.</subfield>
  </datafield>
  <datafield tag="300" ind1=" " ind2=" ">
    <subfield code="a">92 p. :</subfield>
    <subfield code="b">col. ill., maps ;</subfield>
    <subfield code="c">29 cm.</subfield>
  </datafield>
  <datafield tag="504" ind1=" " ind2=" ">
    <subfield code="a">Includes bibliographical references (p. 92).</subfield>
  </datafield>
  <datafield tag="505" ind1=" " ind2=" ">
    <subfield code="t">Maps</subfield>
    <subfield code="t"> Forewords</subfield>
    <subfield code="t">Introductions</subfield>
    <subfield code="t">Military and Missionary Modernity</subfield>
    <subfield code="t">Imaging the self as modern </subfield>
    <subfield code="t">Transformed modernities</subfield>
    <subfield code="t">Modernity Incorported </subfield>
    <subfield code="t">Traditional forms in Modern Materials </subfield>
    <subfield code="t">Products </subfield>
    <subfield code="t">Modernity and Contemporary </subfield>
    <subfield code="t">Traditional forms in modern materials </subfield>
    <subfield code="t">Products </subfield>
    <subfield code="t">Modernity and contemporary concerns </subfield>
    <subfield code="t">Further readings </subfield>
  </datafield>
  <datafield tag="610" ind1="2" ind2="0">
    <subfield code="a">Standard Bank Limited</subfield>
    <subfield code="x">Art collections</subfield>
    <subfield code="v">Exhibitions.</subfield>
    <subfield code="9">1521</subfield>
  </datafield>
  <datafield tag="610" ind1="2" ind2="0">
    <subfield code="a">University of the Witwatersrand.</subfield>
    <subfield code="b">Art Galleries</subfield>
    <subfield code="v">Exhibitions.</subfield>
    <subfield code="9">1522</subfield>
  </datafield>
  <datafield tag="650" ind1=" " ind2="0">
    <subfield code="a">Art, African</subfield>
    <subfield code="y">20th century</subfield>
    <subfield code="v">Exhibitions.</subfield>
    <subfield code="9">2202</subfield>
  </datafield>
  <datafield tag="650" ind1=" " ind2="0">
    <subfield code="a">Popular culture in art</subfield>
    <subfield code="v">Exhibitions.</subfield>
    <subfield code="9">2203</subfield>
  </datafield>
  <datafield tag="650" ind1=" " ind2="0">
    <subfield code="a">Art</subfield>
    <subfield code="z">South Africa</subfield>
    <subfield code="z">Johanesburg</subfield>
    <subfield code="v">Exhibitions.</subfield>
    <subfield code="9">1524</subfield>
  </datafield>
  <datafield tag="700" ind1="1" ind2=" ">
    <subfield code="a">Nettleton, Anitra C. E.</subfield>
    <subfield code="9">1525</subfield>
  </datafield>
  <datafield tag="700" ind1="1" ind2=" ">
    <subfield code="a">Charlton, Julia.</subfield>
    <subfield code="9">1526</subfield>
  </datafield>
  <datafield tag="700" ind1="1" ind2=" ">
    <subfield code="a">Rankin-Smith, Fiona.</subfield>
    <subfield code="9">1527</subfield>
  </datafield>
  <datafield tag="906" ind1=" " ind2=" ">
    <subfield code="a">7</subfield>
    <subfield code="b">cbc</subfield>
    <subfield code="c">orignew</subfield>
    <subfield code="d">3</subfield>
    <subfield code="e">ncip</subfield>
    <subfield code="f">20</subfield>
    <subfield code="g">y-gencatlg</subfield>
  </datafield>
  <datafield tag="999" ind1=" " ind2=" ">
    <subfield code="c">459</subfield>
    <subfield code="d">459</subfield>
  </datafield>
  <datafield tag="952" ind1=" " ind2=" ">
    <subfield code="0">0</subfield>
    <subfield code="1">0</subfield>
    <subfield code="2">ddc</subfield>
    <subfield code="4">0</subfield>
    <subfield code="7">0</subfield>
    <subfield code="a">LV</subfield>
    <subfield code="b">LV</subfield>
    <subfield code="c">Pensamiento</subfield>
    <subfield code="d">2015-03-18</subfield>
    <subfield code="l">0</subfield>
    <subfield code="o">708.968 N475e</subfield>
    <subfield code="p">000371</subfield>
    <subfield code="r">2015-03-18 00:00:00</subfield>
    <subfield code="w">2015-03-18</subfield>
    <subfield code="y">01</subfield>
  </datafield>
</record>
